00652nab a2200205 uc450000100070000000500170000700800410002403500110006503500210007604000130009704100080011010000330011824500580015165000310020965000240024065000210026465000310028565100200031677301100033644770220260429101658.0990608e19970301 spa  a447702 a(OCoLC)819784573 ccomduadb aspa10aDuarte, Jesús H.4auteaut10aClientelismo e Implementacion de politicas educativas 7aEducación primaria2lemb aNariño (Colombia) aSucre (Colombia) 7aPolítica educativa2lemb 7aColombia2embne0 tPlaneación y Desarrollo (Bogotá)gVol. 28, No. 01, Ene.-Mar. 1997, p. 63-90w258197x0034-8686096163